Fr. Conceicao Rodrigues College of Engineering

Advanced mechanics of materials (Record no. 26752)

MARC details
000 -LEADER
fixed length control field 00314nam a2200145Ia 4500
082 ## - DEWEY DECIMAL CLASSIFICATION NUMBER
Classification number 620.1123/SOL
Item number SOL
100 ## - MAIN ENTRY--PERSONAL NAME
Personal name Solecki/Roman
245 ## - TITLE STATEMENT
Title Advanced mechanics of materials
260 ## - PUBLICATION, DISTRIBUTION, ETC.
Name of publisher, distributor, etc. Oxford university press
Date of publication, distribution, etc. 2003
366 ## - TRADE AVAILABILITY INFORMATION
Publishers's discount category 20
300 ## - PHYSICAL DESCRIPTION
Extent 763
546 ## - LANGUAGE NOTE
Language note ENGLISH
942 ## - ADDED ENTRY ELEMENTS (KOHA)
Koha item type BOOK
Holdings
Withdrawn status Lost status Damaged status Not for loan Collection Home library Current library Date acquired Source of acquisition Cost, normal purchase price Inventory number Total Checkouts Full call number Barcode Date last seen Cost, replacement price Price effective from Koha item type
        CRC Fr. Agnel's C.Rodrigues College of Engineering Fr. Agnel's C.Rodrigues College of Engineering 17/03/2023 Dharma Enterprises 368.00 298 dt 28/04/2009   620.1123/SOL SOL 19609 17/03/2023 460.00   BOOK